000 00358 a2200145 4500
999 _c12076
_d12076
003 OSt
005 20231229170150.0
008 231228b ||||| |||| 00| 0 eng d
020 _a9781965540299
082 _a711
100 _aLucas Ng att all.,
245 _aLandscape gardening view:
_b playground
260 _aKorea
_bCrescendo publishing
942 _2ddc